000 02095nam a2200325Ia 4500
999 _c42037
_d42037
001 8727
003 GE_BSU
005 20240529142827.0
008 181216s1991||||ge |||||||||||||| ||geo||
040 _cGE_BSU
041 _ageo
080 _a902(479.22) დ–12
245 _aდაბრუნება : მრავალტომეული. ტომი 1, ემიგრანტული ნაშრომი /
_cთაყაიშვილი ექვთიმე ; გურამ შარაძის საერთო რედაქციით ; შემდგენელი გურამ შარაძე ; რედაქტორი ლევან სანიკიძე ; მხატვარი დავით ბერძენიშვილი.
264 _aთბილისი :
_bმეცნიერება,
_c1991.
300 _a517გვ. ;
_c20 სმ.
490 _aქართული ემიგრანტული ლიტერატურა
500 _aახლავს გურამ შარაძის ავტოგრაფი
541 _h8ლ.
653 _aდაბრუნება
653 _aქართველი ისტორიკოსები.
653 _aსაზოგადოებრივი აზრის ისტორია საქართველოში
653 _aსაქართველოს არქეოლოგია
653 _aქართული ემიგრანტული ლიტერატურა
700 _aთაყაიშვილი, ექვთიმე
_eავტორი
_918768
700 _aშარაძე, გურამ
_eშემდგენელი
_91431
700 _aსანიკიძე, ლევან
_d
_eრედაქტორი
_922219
700 _aბერძენიშვილი, დავით,
_eმხატვარი
_922213
856 _uhttps://dspace.nplg.gov.ge/bitstream/1234/8727/1/Emigrantuli_Nashromebi.pdf
_yელ.ვერსია
942 _cBK
_2udc